All Municipal Units in Athens - Statistics

General Stats
  • This quiz has been taken 26 times
  • The average score is 41 of 69
Answer Stats
Population Answer % Correct
637.798 Athens
100%
89.597 Glyfada
100%
97.616 Kallithea
95%
72.853 Nea Smyrni
95%
133.630 Peristeri
95%
23.431 Dafni
89%
76.730 Ilioupoli
89%
48.700 Kifisia
89%
71.830 Marousi
84%
69.857 Zografou
84%
100.857 Acharnes
79%
62.147 Agia Paraskevi
79%
43.174 Alimos
79%
16.715 Elliniko
79%
57.917 Galatsi
79%
84.004 Ilion
79%
60.146 Petroupoli
79%
26.759 Agia Varvara
74%
71.664 Agios Dimitrios
74%
65.831 Aigaleo
74%
33.312 Argyroupoli
74%
25.322 Moschato
74%
67.107 Nea Ionia
74%
88.077 Nikaia
74%
13.962 Papagou
74%
4.912 Penteli
74%
163.572 Piraeus
74%
32.417 Vrilissia
74%
26.269 Kaisariani
68%
29.179 Kamatero
68%
31.497 Voula
68%
59.134 Vyronas
68%
10.455 Ymittos
68%
64.863 Palaio Faliro
63%
14.339 Tavros
63%
4.332 Vouliagmeni
63%
50.494 Irakleio
58%
75.721 Keratsini
58%
61.248 Korydallos
58%
17.778 Melissia
58%
30.174 Metamorfosi
58%
17.353 Pefki
58%
9.595 Psychiko
58%
77.102 Halandri
53%
35.047 Ano Liosia
47%
5.574 Ekali
47%
7.307 Filothei
47%
33.856 Gerakas
47%
47.051 Haidari
47%
31.304 Holargos
47%
25.198 Nea Filadelfeia
42%
7.312 Thrakomakedones
42%
9.901 Zefyri
42%
32.283 Agioi Anargyroi
37%
13.815 Drapetsona
37%
9.541 Neo Psychiko
37%
25.628 Perama
37%
6.155 Dionysos
32%
7.837 Drosia
32%
8.045 Lykovrysi
32%
6.916 Nea Penteli
32%
10.492 Agios Stefanos
26%
9.760 Nea Chalkidona
26%
14.024 Nea Erythraia
26%
15.411 Rentis
26%
2.901 Stamata
26%
6.592 Anoixi
21%
2.110 Rodopoli
16%
5.318 Kryoneri
11%
No matching quizzes found
Score Distribution
Percent of People with Each Score
Percentile by Number Answered
Your Score History
You have not taken this quiz